000 00644nam a2200217 i 4500
001 75548
003 ES-MaACL
005 20240509063058.0
007 t|
008 040924s1985 sp ||||1| spa d
100 1 _aGrande, Félix,
_d1937-2014
_959584
245 1 0 _aLugar siniestro este mundo, caballeros /
_cFélix Grande.
250 _a1ª ed.
260 _aBarcelona :
_bAnthropos,
_c1985.
300 _a209 p. ;
_c20 cm.
490 1 _aÁmbitos literarios. Narrativa ;
_v20
830 0 0 _aÁmbitos literarios.
_pNarrativa ;
_v20
_9177289
852 _aES-MaACL
_jL-10425
_bR.110821
942 _2udc
999 _c75548
_d75548